00506nam a22001457a 4500003000400000005001700004008004100021020001800062050002400080100001800104245012100122250001700243260005700260300004300317LC 20151203111549.0151203b xxu||||| |||| 00| 0 eng d a9781904534884 aQC 21.3 .D911 2008  aDuncan, Hugh  aIB physics option E : bastrophysics HL/SL (formally option F) : for the students studying for the 2009 examination  a2nd edition  aUnited Kingdom bOxford Study Courses Limited c2008 a40 pages.,bill.( some col).,c27 cm.